Yakuza characters - Statistics

General Stats
  • This quiz has been taken 660 times
    351 since last reset
  • The average score is 31 of 49
Answer Stats
Hint Answer % Correct
Mad Dog of Shimano Goro Majima
98%
Dragon of Dojima Kazuma Kiryu
97%
Kiryu's adopted daughter Haruka Sawamura
95%
Kiryu's oath brother Akira Nishikiyama
93%
Dojima Family captain, Kiryu's mentor Shintaro Kazama
88%
Tojo Clan 6th Chairman Daigo Dojima
87%
Detective turned reporter Makoto Date
86%
Went to jail for the Ueno Seiwa massacre Taiga Saejima
86%
Sky Finance moneylender Shun Akiyama
84%
Dragon of Kansai Ryuji Goda
83%
Real estate company president Tetsu Tachibana
83%
Kiryu and Nishiki's childhood friend Yumi Sawamura
82%
Blind girl Makoto Makimura
81%
Patriarch of his own family, dies in the beginning Sohei Dojima
79%
Purgatory informant The Florist of Sai
78%
Final boss, Dojima family lieutenant Keiji Shibusawa
75%
Tojo Clan 3rd Chairman, Nikkyo Consortium President Masaru Sera
75%
Kenno Clan patriarch Daisaku Kuze
74%
Cop investigating his father's murder Masayoshi Tanimura
73%
Haruka's son Haruto Sawamura
71%
Hero of Yokohama Ichiban Kasuga
71%
Corrupt politician, Haruka's father Kyohei Jingu
70%
Kazama Family captain, Tojo Clan Interim Chairman Osamu Kashiwagi
69%
Martial arts master Sotaro Komaki
68%
Baseball player Tatsuo Shinada
68%
Tojo Clan 5th Chairman Yukio Terada
67%
Taihei Association patriarch Hiroki Awano
66%
Venture capitalist, Hakuho Clan founder Yoshitaka Mine
64%
Hidden late-game boss Jo Amon
61%
Osaka police officer Kaoru Sayama
61%
Shintaro's twin brother Joji Kazama
58%
Stabs Kiryu, helps Saejima escape prison Goh Hamazaki
56%
Escapes prison with Saejima Shigeki Baba
55%
Black Monday leader Andre Richardson
54%
Ryudo Family Captain Rikiya Shimabukuro
52%
Haruka's manager Mirei Park
50%
Kanemura Entreprises Captain Hiroaki Arai
49%
Arai's oath brother Takeshi Kido
49%
Stardust owner Joongi Han
43%
Shipbuilding company president Tsuneo Iwami
43%
Daigo Dojima's bodyguard Masato Aizawa
42%
Hirose Family captain Tsuyoshi Nagumo
34%
Corrupt cop Seishiro Munakata
33%
Baby's father Yuta Usami
33%
Ueno Seiwa Clan Captain Isao Katsuragi
27%
Okinawa antagonist, Patriarch of his own family Tetsuo Tamashiro
26%
Omi Alliance 7th chairman Tsubasa Kurosawa
24%
Detective trailing the Jingweon Mafia Jiro Kawara
23%
Ousaka Entreprises chairman Kamon Kanai
15%
No matching quizzes found
Score Distribution
Percent of People with Each Score
Percentile by Number Answered
Your Score History
You have not taken this quiz since the last reset